Business grammar & practice

Đã lưu trong:
Sonraí Bibleagrafaíochta
Príomhúdar: Duckworth, Micheal
Formáid: Leabhar
Teanga:Undetermined
Foilsithe: Oxford Oxford University Press 2003
Ábhair:
Clibeanna: Cuir Clib Leis
Gan Chlibeanna, Bí ar an gcéad duine leis an taifead seo a chlibeáil!
Thư viện lưu trữ: Trung tâm Học liệu Trường Đại học Cần Thơ
LEADER 00539nam a2200193Ia 4500
001 CTU_182775
008 210402s9999 xx 000 0 und d
020 |c 245000 
082 |a 808.042 
082 |b D836 
100 |a Duckworth, Micheal 
245 0 |a Business grammar & practice 
245 0 |c Micheal Duckworth 
260 |a Oxford 
260 |b Oxford University Press 
260 |c 2003 
650 |a Business English,Tiếng anh thương mại 
904 |i Nguyên 
980 |a Trung tâm Học liệu Trường Đại học Cần Thơ